| 000 | 00346nam a2200145Ia 4500 | ||
|---|---|---|---|
| 005 | 20251222143154.0 | ||
| 008 | 251222s9999||||xx |||||||||||||| ||spa|| | ||
| 020 | _a84-285-0855-0 | ||
| 082 | _a922.22/C82 | ||
| 100 | _aCortés Salinas, José Luis | ||
| 245 | 0 | _aFrancisco el Buenagente | |
| 250 | _a3a.ed. | ||
| 264 | _bPaulinas | ||
| 942 | _cLIB | ||
| 999 |
_c12816 _d12816 |
||